| 000 | 00731nmm a2200229 a 4500 | ||
|---|---|---|---|
| 003 | AR-BaBNM | ||
| 005 | 20251128211314.0 | ||
| 008 | 113120s1998 ||||||||||||||000 | spa|| | ||
| 020 | _a987-97382-0-9 | ||
| 040 | _cAR-BaBNM | ||
| 110 | 2 |
_aMicrosoft _bPrograma académico Microsoft |
|
| 245 | 1 | 0 |
_aActividades en el aula _bun libro con guías para la integración de las herramientas informáticas en el aula |
| 260 |
_aBuenos Aires _bMicrosoft _c1998 |
||
| 300 | _a117 p. | ||
| 650 | 4 | _aENSENANZA DE LA INFORMATICA | |
| 650 | 4 | _aACTIVIDADES DE LA CLASE | |
| 653 | _aINTEGRACION DE AREAS | ||
| 653 | _aESTRATEGIAS DIDACTICAS | ||
| 710 | 2 |
_aInstituto Nacional de Educación Técnica _9INET |
|
| 942 | _cBK | ||
| 998 | _craquel | ||
| 999 |
_c19077 _d19077 |
||